000
00337 a2200157 4500
001
150212
040
_c
Escola São Tomás de Aquino
100
_a
ROCA, Núria
240
1
0
_a
Os 4 elementos
_l
por
245
1
0
_a
Os 4 elementos
300
_a
39
362
0
_a
2007
440
1
_a
Escala Educacional
697
_a
CIÊNCIAS
942
_c
BK
999
_c
150212
_d
150212